000 00811nam a2200277 a 4500
008
020 _a0134391675 (hbk.)
049 _aMAIN
090 _aQP514.2 HOR
100 _aHorton, H. Robert.
245 0 0 _aPrinciples of biochemistry /
_cH. Robert Horton... [et al.]
250 _a2nd ed.
260 _aUpper Saddle River, NJ :
_bPrentice Hall,
_c1996
300 _axxix, 801 p. :
_bill. (some col.) ;
_c29 cm.
504 _aIncludes bibliographical references .
500 _aIncludes index.
650 0 _aBiochemistry.
700 _aRawn David J.
700 _aOchs, Raymond S.
700 _aMoran, Laurence A.
907 _a.b10153986
_b11-09-12
_c24-02-05
003
005 20230123134309.0
040 _cNUST
942 _cBOOKS
_kQP514.2 HOR
999 _c163436
_d163436